NCAA Institutions in Colorado - Statistics

General Stats
  • This quiz has been taken 11 times
  • The average score is 10 of 16
Answer Stats
Hint Answer % Correct
DI Colorado State University
100%
DI United States Air Force Academy
100%
DI University of Colorado Boulder
100%
DI University of Denver
100%
DII Colorado School of Mines
83%
DI University of Northern Colorado
83%
DIII Colorado College
67%
DII Colorado Mesa University
50%
DII Colorado State University - Pueblo
50%
DII Metropolitan State University of Denver
50%
DII University of Colorado Colorado Springs
50%
DII Western Colorado University
50%
DII Adams State University
33%
DII Colorado Christian University
33%
DII Fort Lewis College
17%
DII Regis University
0%
No matching quizzes found
Score Distribution
Percent of People with Each Score
Percentile by Number Answered
Your Score History
You have not taken this quiz